00875nam a2200241Ia 4500008004100000020002200041040001800063041000800081245005600089260006200145300003000207490006300237504002800300650003300328650003400361650001700395650002500412650001300437700003900450700002700489700003200516710008500548130821s2009 ck a gr spa  a978 958 8630 02 1 aCo-BoUCMbspa00aspa00aEstructurantes del consumocÓscar Henao...[et al] aCali (Valle, Colombia)bEditorial Universidad Librec2009 a112 páginasbgráficas 0aColección Gerencia e Investigaciones.aCultura y Consumo aIncluye bibliografía. aAdministración de empresas aComportamiento del consumidor aConsumidores aConsumo (Economía) aMercadeo1 aCórdoba López, José Fernando1 aDuque Gómez, Ernesto1 aPáramo Morales, Dagoberto1 aUniversidad Libre.bGrupo de investigación.bMercadeo e Iniciativa Empresarial